Thanksgiving in poetry /

Bibliographic Details
Corporate Author: Carnegie Library School. Association
Format: Book
Language:English
Published: New York : The H.W. Wilson company, [etc., etc.], 1923.
Subjects:

MARC

Tag First Indicator Second Indicator Subfields
LEADER 00000cam a2200000 4500
001 in00000033551
005 20151007061855.0
008 751203s1923 nyu 00010 eng
010 |a  23011955  
035 |a (OCoLC)01870852 
035 |9 AAD3337AM 
040 |a DLC  |c TNH  |d OCL  |d TXA  |d UtOrBLW 
049 |a TXAM  |c [96428] 
050 0 |a PN6110.T6  |b C3 1930 
092 |a 811.08  |b C289t 
110 2 |a Carnegie Library School.  |b Association. 
245 1 0 |a Thanksgiving in poetry /  |c poems chosen by a committee of the Carnegie Library School Association. 
264 1 |a New York :  |b The H.W. Wilson company, [etc., etc.],  |c 1923. 
300 |a 3 pages ., 35 numbered 1. ;  |c 27 cm. 
336 |a text  |b txt  |2 rdacontent 
337 |a unmediated  |b n  |2 rdamedia 
338 |a volume  |b nc  |2 rdacarrier 
500 |a Printed on one side of leaf only. 
650 0 |a Thanksgiving Day  |v Poetry. 
999 |a MARS 
999 f f |s d044efb4-b688-3c02-8940-0db32643146f  |i 942c64ad-c565-32dc-ab8c-5494327b76e9  |t 0 
952 f f |p ric  |a Texas A&M University  |b Rellis Campus  |c Joint Library Facility  |d Remote Storage  |t 0  |e PN6110.T6 C3 1930  |h Library of Congress classification  |i unmediated -- volume  |m A14801222084 
998 f f |a PN6110.T6 C3 1930  |t 0  |l Remote Storage